Z historie francouzského bankovního systému
Pohľad na históriu vzniku a vývoja novodobého francúzskeho bankovníctva. Založenie Banque de France 18.1.1800 na pokyn Napoleona Bonaparta. Vznik depozitných bánk. Drobné bankovníctvo. Kríza a vojnové roky. Novodobý vývoj.
Guardado en:
| Autor principal: | |
|---|---|
| Formato: | Capítulo de libro |
| Lenguaje: | checo |
| Materias: | |
| Etiquetas: |
Sin Etiquetas, Sea el primero en etiquetar este registro!
|
MARC
| LEADER | 00000naa a2200000 4500 | ||
|---|---|---|---|
| 001 | r028016 | ||
| 005 | 20230908085842.6 | ||
| 041 | 0 | |a cze | |
| 044 | |a CZ | ||
| 245 | 1 | 0 | |a Z historie francouzského bankovního systému |c E. Kolcunová |
| 520 | |a Pohľad na históriu vzniku a vývoja novodobého francúzskeho bankovníctva. Založenie Banque de France 18.1.1800 na pokyn Napoleona Bonaparta. Vznik depozitných bánk. Drobné bankovníctvo. Kríza a vojnové roky. Novodobý vývoj. | ||
| 610 | 2 | 0 | |a bankovníctvo |
| 610 | 2 | 0 | |a Francúzsko |
| 610 | 2 | 0 | |a história |
| 610 | 2 | 0 | |a banky |
| 610 | 2 | 0 | |a Banque de France |
| 610 | 2 | 0 | |a 1800 |
| 610 | 2 | 0 | |a banky depozitné |
| 100 | 1 | |a Kolcunová, Eva | |